| 000 | 00981nam a2200265Ia 4500 | ||
|---|---|---|---|
| 003 | OSt | ||
| 005 | 20220918111952.0 | ||
| 006 | a|||||r|||| 00| 0 | ||
| 007 | ta | ||
| 008 | 220915b |||||||| |||| 00| 0 hin d | ||
| 020 | _a8181436253 (hbk) | ||
| 024 | _a952 | ||
| 037 | _b373, 17/02/2011, Vani Prakashan | ||
| 037 | _cTextbook | ||
| 040 |
_bhin _aARTS _cARTS |
||
| 041 | _ahin | ||
| 082 | _aO152,6N55x, P7 | ||
| 100 | _aतिवारी, अजय | ||
| 245 | 0 | _aआलोचना और संस्कृति: दीवान - ए - आम स्तंभ में प्रकाशित | |
| 246 | _aĀlochanā aur sanskṛuti: dīvān - e - ām stanbha mean prakāshita | ||
| 260 |
_aनयी _bदिल्ली वाणी प्रकाशन भारत _c2007 |
||
| 300 |
_a281पृ0 _ccm. |
||
| 942 |
_hO152,6N55x, P7 _cTB _2CC |
||
| 999 |
_c117607 _d117607 |
||